| 000 | 00828nam a2200253 a 4500 | ||
|---|---|---|---|
| 001 | 000038019 | ||
| 003 | DO-SdBNP | ||
| 005 | 20171101125116.0 | ||
| 007 | 000038019 | ||
| 008 | 130312s2007 dr 000 0 spa d | ||
| 020 | _a9789945000955 | ||
| 040 |
_aBPMET _bspa _cBPMET |
||
| 100 | 1 | _aPeña Nina, Domingo | |
| 245 | 1 | 0 |
_aJornadas : _breflexiones esperanzadoras / _cDomingo Peña Nina. |
| 260 |
_aSanto Domingo : _bPeña Nina , _c2007. |
||
| 300 |
_a317 p. : _c23 cm. |
||
| 500 | _aIncluye biografía del autor en la solapa de la cubierta | ||
| 930 | 1 |
_lBND01 _mLF1 _820130312 _f01 _pOI _g35464 |
|
| 930 | 1 |
_lBND01 _mLF1 _820130312 _f01 _pOI _g35464 _he. 2 |
|
| 942 |
_2ddc _cBK |
||
| 945 | _aTitulo remanejado para la BNPHU | ||
| 956 |
_aYLOCKWARD _b10 _c20130312 _lBND01 _h0942 |
||
| 956 |
_aKLANTIGUA _b10 _c20130312 _lBND01 _h1458 |
||
| 999 |
_c7410 _d7410 |
||